Žlutý ptáček zpívá / Jennifer Rosner ; z anglického originálu The yellow bird singing přeložila Kristýna Dobiášová
Uprostřed nacistického běsnění v Polsku se židovská maminka se svou pětiletou dcerou s výjimečným hudebním nadáním ukrývá na místě, kde je sebetišší zvuk může obě stát život. Když němečtí vojáci obklíčí Židy v jejich rodném městě, dá se Róża se svou dcerou Shirou na útěk. Najdou útočiště ve stodole na sousedovic statku. Shira, dnem i nocí schovaná na seníku, se zoufale snaží zůstat zticha, zatímco jejím nitrem neustále pulzuje hudba. Láká ji příroda v okolí statku a stěží odolává přirozené touze po volnosti. Maminka, ve snaze dceru zabavit a utišit, vypráví příběh o děvčátku v kouzelné zahradě. Děvčátko nesmí ani hlesnout, a tak zpívá žlutý ptáček. Zpívá cokoliv, co děvčátko v duchu skládá: vysoké pikolové trylky, hluboké bručení kontrabasu. Hudba pomáhá květinám vzkvétat. V tomto smyšleném světě dokáže Róża Shiru ochránit před hrůzami, které se kolem nich odehrávají. Přijde však den, kdy jejich útočiště přestává být bezpečné... Nakladatelská anotace. Kráceno.
Record details
- ISBN: 978-80-277-0143-8
- Physical Description: 296 stran ; 21 cm
- Publisher: Praha : Dobrovský s.r.o., 2022
Search for related items by subject
| Subject: | holocaust (1939-1945) holocaust (1939-1945) |
| Genre: | americké romány American fiction |
Search for related items by series
Available copies
- 1 of 1 copy available at Common Catalog SPOK.
Holds
- 0 current holds with 1 total copy.
Show Only Available Copies
| Location | Call Number / Copy Notes | Barcode | Shelving Location | Status | Due Date |
|---|---|---|---|---|---|
| The Jewish community of Prague | K 3782 | 4638301092 | K - Beletrie | Available | - |
| LDR | 02492nam a2200421 i 4500 | ||
|---|---|---|---|
| 001 | 53323 | ||
| 003 | CZ-PrJAB | ||
| 005 | 20220927124747.0 | ||
| 007 | ta | ||
| 008 | 220216s2022 xr g 000 f cze | ||
| 015 | . | ‡acnb003350204 | |
| 020 | . | ‡a978-80-277-0143-8 ‡q(vázáno) | |
| 035 | . | ‡a(CZ PrNK)nkc20213350204 | |
| 035 | . | ‡a(OCoLC)1310112457 | |
| 040 | . | ‡aABG001 ‡bcze ‡dABA001 ‡erda | |
| 041 | 1 | . | ‡acze ‡heng |
| 072 | 7. | ‡a821.111(73)-3 ‡xAmerická próza ‡2Konspekt ‡925 | |
| 080 | . | ‡a821.111(73)-31 ‡2MRF | |
| 080 | . | ‡a323.12"1939/1945" ‡2MRF | |
| 080 | . | ‡a(0:82-31) ‡2MRF | |
| 100 | 1 | . | ‡aRosner, Jennifer ‡7xx0269971 ‡4aut |
| 240 | 1 | 0. | ‡aYellow bird singing. ‡lČesky |
| 245 | 1 | 0. | ‡aŽlutý ptáček zpívá / ‡cJennifer Rosner ; z anglického originálu The yellow bird singing přeložila Kristýna Dobiášová |
| 264 | 1. | ‡aPraha : ‡bDobrovský s.r.o., ‡c2022 | |
| 300 | . | ‡a296 stran ; ‡c21 cm | |
| 336 | . | ‡atext ‡btxt ‡2rdacontent | |
| 337 | . | ‡abez média ‡bn ‡2rdamedia | |
| 338 | . | ‡asvazek ‡bnc ‡2rdacarrier | |
| 490 | 1 | . | ‡aKontrast |
| 520 | 2 | . | ‡aUprostřed nacistického běsnění v Polsku se židovská maminka se svou pětiletou dcerou s výjimečným hudebním nadáním ukrývá na místě, kde je sebetišší zvuk může obě stát život. ‡bKdyž němečtí vojáci obklíčí Židy v jejich rodném městě, dá se Róża se svou dcerou Shirou na útěk. Najdou útočiště ve stodole na sousedovic statku. Shira, dnem i nocí schovaná na seníku, se zoufale snaží zůstat zticha, zatímco jejím nitrem neustále pulzuje hudba. Láká ji příroda v okolí statku a stěží odolává přirozené touze po volnosti. Maminka, ve snaze dceru zabavit a utišit, vypráví příběh o děvčátku v kouzelné zahradě. Děvčátko nesmí ani hlesnout, a tak zpívá žlutý ptáček. Zpívá cokoliv, co děvčátko v duchu skládá: vysoké pikolové trylky, hluboké bručení kontrabasu. Hudba pomáhá květinám vzkvétat. V tomto smyšleném světě dokáže Róża Shiru ochránit před hrůzami, které se kolem nich odehrávají. Přijde však den, kdy jejich útočiště přestává být bezpečné... Nakladatelská anotace. Kráceno. |
| 650 | 0 | 7. | ‡aholocaust (1939-1945) ‡7ph117203 ‡2czenas |
| 650 | 0 | 9. | ‡aholocaust (1939-1945) ‡2eczenas |
| 655 | 7. | ‡aamerické romány ‡7fd131796 ‡2czenas | |
| 655 | 9. | ‡aAmerican fiction ‡2eczenas | |
| 700 | 1 | . | ‡aDobiášová, Kristýna ‡7jo20221143140 ‡4trl |
| 830 | 0. | ‡aKontrast | |
| 910 | . | ‡aABE461 | |
| 995 | . | ‡aska | |
| 901 | . | ‡a53323 ‡bAUTOGEN ‡c53323 ‡tbiblio | |